[Event "Abu Dhabi Masters Online"]
[Site "Chess.com INT"]
[Date "2024.08.21"]
[Round "2"]
[White "Pertinez Soria, Juan Luis"]
[Black "Aydin, Gulenay"]
[Result "0-1"]
[WhiteElo "2135"]
[BlackElo "2176"]
[PlyCount "64"]
[EventDate "2024.08.21"]
[EventType "swiss (blitz)"]
[EventRounds "11"]
[EventCountry "UAE"]
[SourceTitle "CBM 221 Extra"]
[Source "ChessBase"]
[SourceDate "2024.09.30"]
[SourceVersion "1"]
[SourceVersionDate "2024.09.30"]
[SourceQuality "1"]

1. d4 Nf6 2. Bf4 g6 3. Nc3 d5 4. Qd2 Bg7 5. Nf3 0-0 6. 0-0-0 c5 7. Kb1 cxd4 8. Nxd4 Nc6 9. Nxc6 bxc6 10. h4 h5 11. Bh6 e5 12. Bxg7 Kxg7 13. e3 Rb8 14. Ka1 Be6 15. f4 exf4 16. exf4 Qb6 17. Rb1 d4 18. Na4 Qc7 19. Qxd4 Rfd8 20. Qe5 Qb7 21. Nc5 Qb4 22. Nxe6+ fxe6 23. Bd3 Kf7 24. Rhe1 Qe7 25. g3 Rb6 26. Bc4 Nd5 27. c3 Rdb8 28. Re2 a5 29. a3 a4 30. Rbe1 Rxb2 31. Rc2 Qxa3+ 32. Ba2 Qxa2# 0-1

[Event "Titled Tuesday intern op 25th Jun Early"]
[Site "Chess.com INT"]
[Date "2024.06.25"]
[Round "4"]
[White "Papayan, Oleg"]
[Black "Pertinez Soria, Juan Luis"]
[Result "1-0"]
[WhiteElo "2183"]
[BlackElo "2135"]
[PlyCount "99"]
[EventDate "2024.06.25"]
[EventType "swiss (blitz)"]
[EventRounds "11"]
[EventCountry "USA"]
[SourceTitle "EXT 2025"]
[Source "ChessBase"]
[SourceDate "2024.10.14"]
[SourceVersion "1"]
[SourceVersionDate "2024.10.14"]
[SourceQuality "1"]

1. d4 Nf6 2. Nc3 e6 3. Bf4 d5 4. Nb5 Na6 5. e3 c6 6. Nc3 b5 7. a3 Bd6 8. Nf3 Bxf4 9. exf4 0-0 10. Ne5 Qc7 11. Bd3 Rb8 12. b4 Qd6 13. Qf3 g6 14. h4 h5 15. Ne2 Nc7 16. c3 Nce8 17. Kd2 Ng7 18. Ng3 a5 19. Rhe1 Ra8 20. Qe2 Bd7 21. f3 Ra7 22. Kc2 Rfa8 23. Kb2 axb4 24. axb4 Rxa1 25. Rxa1 Rxa1 26. Kxa1 Be8 27. Qa2 Qb8 28. Qa6 Qc7 29. Ne2 Kf8 30. g3 Nf5 31. Bxf5 exf5 32. Nc1 Ng8 33. Nb3 f6 34. Nd3 Qe7 35. Qc8 Qe3 36. Nbc5 Ne7 37. Ne6+ Kf7 38. Nec5 Qg1+ 39. Kb2 Qe3 40. Kb3 Qe2 41. Nb7 Qe6 42. Nd8+ Kf8 43. Qxe6 g5 44. Qxf6+ Kg8 45. Qxe7 Bg6 46. Ne5 Bh7 47. Qf7+ Kh8 48. Ng6+ Bxg6 49. Qxg6 g4 50. Nf7# 1-0

[Event "Titled Tuesday intern op 28th May Early"]
[Site "Chess.com INT"]
[Date "2024.05.28"]
[Round "8"]
[White "Yevchenko, Alexander"]
[Black "Pertinez Soria, Juan Luis"]
[Result "0-1"]
[WhiteElo "2276"]
[BlackElo "2140"]
[PlyCount "150"]
[EventDate "2024.05.28"]
[EventType "swiss (blitz)"]
[EventRounds "11"]
[EventCountry "USA"]
[SourceTitle "EXT 2025"]
[Source "ChessBase"]
[SourceDate "2024.10.14"]
[SourceVersion "1"]
[SourceVersionDate "2024.10.14"]
[SourceQuality "1"]

1. c4 e5 2. Nc3 Nf6 3. Nf3 Nc6 4. e3 Bb4 5. Nd5 a5 6. a3 Bd6 7. d4 0-0 8. Nxf6+ Qxf6 9. c5 Be7 10. Bd3 d5 11. cxd6 Bxd6 12. d5 Ne7 13. e4 h6 14. h3 Ng6 15. g3 c6 16. dxc6 bxc6 17. Be3 Rd8 18. Qe2 Rb8 19. Bc4 Be6 20. b3 a4 21. Bxe6 Qxe6 22. bxa4 Rb3 23. h4 Ra8 24. 0-0 Rxa4 25. Rfc1 Bf8 26. Kg2 Rxe4 27. Qc2 Ra4 28. Qxc6 Qxc6 29. Rxc6 Rbxa3 30. Rxa3 Bxa3 31. Rc8+ Kh7 32. Nd2 Bb2 33. Rc7 Kg8 34. Nf3 Ra8 35. Rb7 Ba1 36. Rc7 f6 37. Rb7 Nf8 38. Nd2 Ne6 39. Ne4 Bd4 40. Bxd4 Nxd4 41. g4 Rf8 42. f3 Rf7 43. Rb8+ Kh7 44. Nd6 Rd7 45. Nf5 Nxf5 46. gxf5 Rd4 47. Kg3 Rf4 48. Rb7 Rxf5 49. Kg4 h5+ 50. Kg3 Kg6 51. Rc7 Rf4 52. Rb7 Rd4 53. Rb6 Rd8 54. Ra6 Rg8 55. Rb6 Kf5 56. Rb4 g5 57. hxg5 Rxg5+ 58. Kf2 Rg6 59. Ra4 Rh6 60. Rh4 Kg5 61. Rh1 f5 62. Kg3 h4+ 63. Kh3 Kf4 64. Rf1 Rh5 65. Re1 e4 66. fxe4 fxe4 67. Rf1+ Ke3 68. Rf8 Ke2 69. Re8 e3 70. Re7 Rh8 71. Re6 Kf2 72. Rf6+ Ke1 73. Re6 e2 74. Re7 Rf8 75. Kxh4 Kf2 0-1

[Event "Titled Tuesday intern op 07th May Early"]
[Site "Chess.com INT"]
[Date "2024.05.07"]
[Round "9"]
[White "Blokhin, Sofia"]
[Black "Pertinez Soria, Juan Luis"]
[Result "1/2-1/2"]
[WhiteElo "2058"]
[BlackElo "2140"]
[PlyCount "91"]
[EventDate "2024.05.07"]
[EventType "swiss (blitz)"]
[EventRounds "11"]
[EventCountry "USA"]
[SourceTitle "EXT 2025"]
[Source "ChessBase"]
[SourceDate "2024.10.14"]
[SourceVersion "1"]
[SourceVersionDate "2024.10.14"]
[SourceQuality "1"]

1. d4 Nf6 2. c4 e5 3. dxe5 Ng4 4. Nf3 Nc6 5. Bf4 Bb4+ 6. Nc3 Qe7 7. Qd5 Bxc3+ 8. bxc3 0-0 9. h3 Nh6 10. Bxh6 gxh6 11. e3 Qa3 12. Bd3 Qxc3+ 13. Ke2 Qb2+ 14. Nd2 Qxe5 15. f4 Qxd5 16. cxd5 Nb4 17. Be4 d6 18. a3 Na6 19. g4 Re8 20. Kf3 b6 21. Bc2 Bb7 22. e4 c6 23. Nc4 Rad8 24. Rad1 cxd5 25. exd5 Nc5 26. h4 Re7 27. f5 Rde8 28. Nxd6 Re3+ 29. Kf4 R8e5 30. Nxb7 Nxb7 31. d6 f6 32. d7 Nd8 33. g5 hxg5+ 34. hxg5 fxg5+ 35. Kxg5 Re2 36. Bb3+ Kg7 37. Rdg1 R2e4 38. Bc2 Rd4 39. Kh5+ Kf6 40. Rg8 Rxd7 41. Kh6 Nf7+ 42. Kxh7 Ng5+ 43. Kh8 Nf7+ 44. Kh7 Ng5+ 45. Kh8 Nf7+ 46. Kh7 1/2-1/2

[Event "Titled Tuesday intern op 07th May Early"]
[Site "Chess.com INT"]
[Date "2024.05.07"]
[Round "1"]
[White "Novoselov, Roman"]
[Black "Pertinez Soria, Juan Luis"]
[Result "1-0"]
[WhiteElo "2285"]
[BlackElo "2140"]
[PlyCount "133"]
[EventDate "2024.05.07"]
[EventType "swiss (blitz)"]
[EventRounds "11"]
[EventCountry "USA"]
[SourceTitle "EXT 2025"]
[Source "ChessBase"]
[SourceDate "2024.10.14"]
[SourceVersion "1"]
[SourceVersionDate "2024.10.14"]
[SourceQuality "1"]

1. e4 e6 2. d4 d5 3. Nc3 Nf6 4. exd5 exd5 5. Bd3 Be7 6. Nge2 0-0 7. Bg5 Nc6 8. a3 Re8 9. Qd2 a6 10. 0-0 Bg4 11. Nf4 h6 12. Bxf6 Bxf6 13. Ncxd5 Nxd4 14. h3 Be6 15. Nxf6+ Qxf6 16. Rad1 Rad8 17. Nh5 Qg5 18. Qxg5 hxg5 19. Ng3 g6 20. Ne4 g4 21. Nf6+ Kg7 22. Nxe8+ Rxe8 23. hxg4 Bxg4 24. f3 Bc8 25. Rfe1 Rd8 26. Re7 Ne6 27. Re1 Kf6 28. R1xe6+ Bxe6 29. Rxc7 Rd7 30. Rxd7 Bxd7 31. Kf2 Ke5 32. Ke3 g5 33. g3 f5 34. f4+ gxf4+ 35. gxf4+ Kd5 36. Be2 b5 37. Bf3+ Kc5 38. Kd3 a5 39. b3 Be6 40. Bh5 Bd5 41. Bg6 Be4+ 42. Kc3 b4+ 43. axb4+ axb4+ 44. Kd2 Kd4 45. Bh7 Kd5 46. c3 Kc5 47. Bg8 Bb1 48. cxb4+ Kxb4 49. Ke3 Kc5 50. Be6 Be4 51. b4+ Kxb4 52. Kd4 Kb5 53. Ke5 Kc6 54. Bxf5 Bd5 55. Be4 Bxe4 56. Kxe4 Kd7 57. Kf5 Ke8 58. Kg6 Kf8 59. Kf6 Kg8 60. Ke7 Kg7 61. f5 Kg8 62. f6 Kh8 63. f7 Kg7 64. f8Q+ Kh7 65. Qf7+ Kh8 66. Qf6+ Kh7 67. Qg5 1-0

[Event "Titled Tuesday intern op 26th Mar Early"]
[Site "Chess.com INT"]
[Date "2024.03.26"]
[Round "8"]
[White "Pertinez Soria, Juan Luis"]
[Black "Hehir, Michael"]
[Result "1/2-1/2"]
[WhiteElo "2146"]
[BlackElo "2009"]
[PlyCount "77"]
[EventDate "2024.03.26"]
[EventType "swiss (blitz)"]
[EventRounds "11"]
[EventCountry "USA"]
[SourceTitle "EXT 2025"]
[Source "ChessBase"]
[SourceDate "2024.10.14"]
[SourceVersion "1"]
[SourceVersionDate "2024.10.14"]
[SourceQuality "1"]

1. e4 d6 2. d4 Nf6 3. Nc3 Nbd7 4. Be3 e5 5. f3 g6 6. Qd2 Bg7 7. 0-0-0 0-0 8. Nge2 a6 9. g4 b5 10. h4 exd4 11. Nxd4 Ne5 12. Be2 c5 13. Nb3 c4 14. Nd4 Qa5 15. Kb1 b4 16. Nd5 Nxd5 17. exd5 c3 18. Qc1 Bd7 19. h5 Bb5 20. Bh6 Bxe2 21. Bxg7 Kxg7 22. hxg6 fxg6 23. Ne6+ Kf7 24. Rxh7+ Ke8 25. Qg5 Nf7 26. Re1 Nxg5 27. Nxg5 Qb5 28. Ne6 cxb2 29. Nc7+ Kd8 30. Nxb5 axb5 31. Rxe2 Ra3 32. Ree7 Raxf3 33. Rd7+ Kc8 34. Rc7+ Kb8 35. Rb7+ Ka8 36. Ra7+ Kb8 37. Rab7+ Ka8 38. Ra7+ Kb8 39. Rab7+ 1/2-1/2

[Event "Titled Tuesday intern op 26th Mar Early"]
[Site "Chess.com INT"]
[Date "2024.03.26"]
[Round "6"]
[White "Vargas Benavides, Mauricio"]
[Black "Pertinez Soria, Juan Luis"]
[Result "1-0"]
[WhiteElo "1974"]
[BlackElo "2146"]
[PlyCount "107"]
[EventDate "2024.03.26"]
[EventType "swiss (blitz)"]
[EventRounds "11"]
[EventCountry "USA"]
[SourceTitle "EXT 2025"]
[Source "ChessBase"]
[SourceDate "2024.10.14"]
[SourceVersion "1"]
[SourceVersionDate "2024.10.14"]
[SourceQuality "1"]

1. e4 e6 2. Nc3 d5 3. f4 c5 4. Bb5+ Nc6 5. Bxc6+ bxc6 6. d3 Nf6 7. e5 Nd7 8. Nf3 Be7 9. 0-0 0-0 10. Qe1 f6 11. exf6 Nxf6 12. Ne5 Qc7 13. b3 a5 14. Na4 Ba6 15. c4 Bc8 16. Ba3 Nd7 17. Nf3 Rf6 18. Ng5 Nf8 19. g3 Qa7 20. Nf3 Nd7 21. Ne5 Qc7 22. Nxd7 Bxd7 23. Bxc5 Bxc5+ 24. Nxc5 dxc4 25. dxc4 Qa7 26. Qf2 Be8 27. Ne4 Rf8 28. Ng5 Qxf2+ 29. Rxf2 Bf7 30. Re2 h6 31. Nxe6 Rfe8 32. Rae1 a4 33. Nc7 Rxe2 34. Rxe2 Ra7 35. Ne6 axb3 36. axb3 Ra1+ 37. Kf2 Rb1 38. Nd8 Bh5 39. Re3 c5 40. Ne6 Rb2+ 41. Ke1 Rxh2 42. Nxc5 Rb2 43. Kf1 Bg4 44. Ke1 h5 45. Ne4 Kf7 46. Ng5+ Kf6 47. Rd3 Bf5 48. Rd6+ Ke7 49. Rb6 Bc2 50. Kd2 Bf5+ 51. Kc3 Rb1 52. Kb4 g6 53. Rb7+ Kf6 54. Rf7# 1-0

[Event "Titled Tuesday intern op 26th Dec Late"]
[Site "Chess.com INT"]
[Date "2023.12.26"]
[Round "8"]
[White "Hoffmann, Asa"]
[Black "Pertinez Soria, Juan Luis"]
[Result "0-1"]
[WhiteElo "2185"]
[BlackElo "2161"]
[PlyCount "90"]
[EventDate "2023.12.26"]
[EventType "swiss (blitz)"]
[EventRounds "11"]
[EventCountry "USA"]
[SourceTitle "EXT 2025"]
[Source "ChessBase"]
[SourceDate "2024.10.14"]
[SourceVersion "1"]
[SourceVersionDate "2024.10.14"]
[SourceQuality "1"]

1. d4 Nf6 2. Bg5 c6 3. Nc3 d5 4. f3 Qb6 5. Rb1 Nbd7 6. e4 e5 7. dxe5 Nxe5 8. Bxf6 gxf6 9. exd5 Bb4 10. dxc6 bxc6 11. Bd3 Be6 12. Nge2 Rd8 13. a3 Bc5 14. Ne4 Be7 15. Nf2 Bc5 16. 0-0 Rg8 17. Ng3 h5 18. b4 Bd4 19. Nxh5 Ke7 20. Nf4 Rg7 21. Nxe6 fxe6 22. g3 f5 23. Kg2 Qb7 24. Qe2 Kf6 25. Rbc1 c5 26. c3 Bxf2 27. Ba6 Rd2 28. Bxb7 Rxe2 29. Rxf2 Rxf2+ 30. Kxf2 Nd3+ 31. Ke3 Nxc1 32. bxc5 Rxb7 33. h4 Rc7 34. Kd4 Na2 35. Kc4 e5 36. h5 Nxc3 37. Kxc3 Rxc5+ 38. Kd3 Ra5 39. Kc4 Rxa3 40. g4 Rxf3 41. h6 Kg6 42. gxf5+ Kxh6 43. Kd5 Rxf5 44. Ke4 Rh5 45. Kf3 a5 0-1

[Event "Titled Tuesday intern op 26th Dec Late"]
[Site "Chess.com INT"]
[Date "2023.12.26"]
[Round "5"]
[White "Korol, Dimitry"]
[Black "Pertinez Soria, Juan Luis"]
[Result "0-1"]
[WhiteElo "2287"]
[BlackElo "2161"]
[PlyCount "112"]
[EventDate "2023.12.26"]
[EventType "swiss (blitz)"]
[EventRounds "11"]
[EventCountry "USA"]
[SourceTitle "EXT 2025"]
[Source "ChessBase"]
[SourceDate "2024.10.14"]
[SourceVersion "1"]
[SourceVersionDate "2024.10.14"]
[SourceQuality "1"]

1. d4 Nf6 2. c4 e6 3. Nc3 Bb4 4. Qc2 d5 5. cxd5 exd5 6. Bg5 0-0 7. e3 h6 8. Bh4 g5 9. Bg3 c5 10. Nf3 Nc6 11. Be2 cxd4 12. Nxd4 Nxd4 13. exd4 Re8 14. 0-0 Bd6 15. f4 g4 16. Bh4 Be7 17. Rad1 a6 18. Bd3 h5 19. Qf2 b5 20. a3 Bb7 21. Rfe1 Ne4 22. Bxe7 Qxe7 23. Bxe4 dxe4 24. d5 f5 25. Re3 Rad8 26. h3 Qg7 27. hxg4 hxg4 28. Qh4 Rd6 29. Kf2 Rh6 30. Qg3 Rd8 31. Re2 Qc7 32. Qe3 Rhd6 33. Red2 Qc4 34. Rd4 Qc7 35. R4d2 Qf7 36. Qd4 Qh5 37. Qe5 Qh4+ 38. Kg1 g3 39. Qxf5 Qh2+ 40. Kf1 Qh1+ 41. Ke2 Qxg2+ 42. Ke3 Qf3+ 43. Kd4 e3 44. Qg5+ Kf7 45. Qf5+ Rf6 46. Qh7+ Kf8 47. Qh8+ Kf7 48. Qh7+ Ke8 49. Qh8+ Ke7 50. Qg7+ Rf7 51. Qe5+ Kd7 52. Qe6+ Kc7 53. Qxf7+ Rd7 54. Qe6 exd2 55. Rxd2 g2 56. Qe5+ Kb6 0-1

[Event "Titled Tuesday intern op 26th Dec Late"]
[Site "Chess.com INT"]
[Date "2023.12.26"]
[Round "3"]
[White "Pertinez Soria, Juan Luis"]
[Black "Al Saffar, Araz Basim Mohammed"]
[Result "1/2-1/2"]
[WhiteElo "2161"]
[BlackElo "2390"]
[PlyCount "63"]
[EventDate "2023.12.26"]
[EventType "swiss (blitz)"]
[EventRounds "11"]
[EventCountry "USA"]
[SourceTitle "EXT 2025"]
[Source "ChessBase"]
[SourceDate "2024.10.14"]
[SourceVersion "1"]
[SourceVersionDate "2024.10.14"]
[SourceQuality "1"]

1. d4 e6 2. Nf3 b6 3. e4 d5 4. e5 c5 5. c3 Qd7 6. a4 Ba6 7. Nbd2 Bxf1 8. Nxf1 Nc6 9. Ne3 cxd4 10. cxd4 Bb4+ 11. Bd2 Nge7 12. 0-0 Rc8 13. Qe2 0-0 14. Rfd1 Rc7 15. h3 Rfc8 16. g4 h6 17. Kg2 Ng6 18. Kg3 Be7 19. Qb5 Bg5 20. Rdc1 Bf4+ 21. Kg2 Qd8 22. Rc3 Na5 23. Rxc7 Rxc7 24. Bxa5 bxa5 25. Qxa5 Qb8 26. Qd2 Qb3 27. Ra3 Qb6 28. Rc3 Bg5 29. Kg3 Bf4+ 30. Kg2 Bg5 31. Kg3 Bf4+ 32. Kg2 1/2-1/2

[Event "Titled Tuesday intern op 26th Dec Late"]
[Site "Chess.com INT"]
[Date "2023.12.26"]
[Round "10"]
[White "Pertinez Soria, Juan Luis"]
[Black "Kleibel, Uwe"]
[Result "1-0"]
[WhiteElo "2161"]
[BlackElo "2310"]
[PlyCount "103"]
[EventDate "2023.12.26"]
[EventType "swiss (blitz)"]
[EventRounds "11"]
[EventCountry "USA"]
[SourceTitle "EXT 2025"]
[Source "ChessBase"]
[SourceDate "2024.10.14"]
[SourceVersion "1"]
[SourceVersionDate "2024.10.14"]
[SourceQuality "1"]

1. e4 e5 2. Nf3 Nf6 3. Nxe5 Nxe4 4. Qe2 Qe7 5. Qxe4 d6 6. d4 dxe5 7. dxe5 Nc6 8. Bb5 Bd7 9. Nc3 0-0-0 10. Bd2 Nxe5 11. 0-0-0 Bxb5 12. Nxb5 a6 13. Nc3 Nc6 14. Rhe1 Qxe4 15. Nxe4 Be7 16. Bc3 f6 17. a3 Rxd1+ 18. Kxd1 Rd8+ 19. Kc1 Kd7 20. f4 f5 21. Nd2 g6 22. Nf3 Bd6 23. g3 Re8 24. Rxe8 Kxe8 25. Kd2 Kf7 26. Kd3 h6 27. b4 b5 28. Bh8 Ne7 29. c4 c6 30. c5 Bc7 31. Be5 Bd8 32. Bd6 Ke6 33. Bxe7 Bxe7 34. Ne5 g5 35. Nxc6 Bf6 36. Nb8 gxf4 37. gxf4 Bb2 38. Nxa6 Bxa3 39. Nc7+ Kd7 40. Nd5 Ke6 41. Kd4 Bb2+ 42. Nc3 Ba3 43. Nxb5 Bxb4 44. c6 Bd2 45. c7 Kd7 46. Ke5 h5 47. Kxf5 h4 48. h3 Be1 49. Kg6 Bg3 50. f5 Be5 51. f6 Bxc7 52. Nxc7 1-0

[Event "Titled Tuesday intern op 26th Dec Late"]
[Site "Chess.com INT"]
[Date "2023.12.26"]
[Round "6"]
[White "Pertinez Soria, Juan Luis"]
[Black "Orlov, Georgi"]
[Result "0-1"]
[WhiteElo "2161"]
[BlackElo "2446"]
[PlyCount "50"]
[EventDate "2023.12.26"]
[EventType "swiss (blitz)"]
[EventRounds "11"]
[EventCountry "USA"]
[SourceTitle "EXT 2025"]
[Source "ChessBase"]
[SourceDate "2024.10.14"]
[SourceVersion "1"]
[SourceVersionDate "2024.10.14"]
[SourceQuality "1"]

1. d4 Nf6 2. Nf3 c5 3. e3 e6 4. c3 b6 5. Be2 Bb7 6. Nbd2 d5 7. 0-0 Bd6 8. Re1 Nbd7 9. b3 Ne4 10. Qc2 0-0 11. Bb2 f5 12. Rac1 Rc8 13. Qb1 Qf6 14. Nf1 Qh6 15. h3 Ndf6 16. c4 f4 17. Ne5 fxe3 18. Nxe3 Nxf2 19. Kxf2 Ng4+ 20. Kg1 Qxe3+ 21. Kh1 Nf2+ 22. Kh2 cxd4 23. Bf3 Bxe5+ 24. Kg1 Nxh3+ 25. Kh1 Qg1+ 0-1

[Event "Titled Tuesday intern op 12th Dec Early"]
[Site "Chess.com INT"]
[Date "2023.12.12"]
[Round "7"]
[White "Dyulgerov, Volen"]
[Black "Pertinez Soria, Juan Luis"]
[Result "1-0"]
[WhiteElo "2200"]
[BlackElo "2161"]
[PlyCount "39"]
[EventDate "2023.12.12"]
[EventType "swiss (blitz)"]
[EventRounds "11"]
[EventCountry "USA"]
[SourceTitle "CBM 217 Extra"]
[Source "ChessBase"]
[SourceDate "2024.01.31"]
[SourceVersion "1"]
[SourceVersionDate "2024.01.31"]
[SourceQuality "1"]

1. e4 c5 2. Nf3 d6 3. d4 cxd4 4. Nxd4 Nf6 5. Nc3 a6 6. Bc4 e5 7. Nf3 Be6 8. Bxe6 fxe6 9. 0-0 Be7 10. Ng5 Qc8 11. f4 0-0 12. f5 exf5 13. exf5 Nc6 14. Nd5 h6 15. Ne6 Rf7 16. Nxe7+ Nxe7 17. Qxd6 Qxc2 18. Qxe5 Ng4 19. Qd4 Rxf5 20. Qxg7# 1-0

[Event "Titled Tuesday intern op 12th Dec Early"]
[Site "Chess.com INT"]
[Date "2023.12.12"]
[Round "2"]
[White "Kiremitciyan, Ari"]
[Black "Pertinez Soria, Juan Luis"]
[Result "0-1"]
[WhiteElo "2281"]
[BlackElo "2161"]
[PlyCount "76"]
[EventDate "2023.12.12"]
[EventType "swiss (blitz)"]
[EventRounds "11"]
[EventCountry "USA"]
[SourceTitle "CBM 217 Extra"]
[Source "ChessBase"]
[SourceDate "2024.01.31"]
[SourceVersion "1"]
[SourceVersionDate "2024.01.31"]
[SourceQuality "1"]

1. e4 c5 2. Nf3 d6 3. c3 Nf6 4. h3 Nc6 5. Bd3 g6 6. Bc2 Bg7 7. d4 cxd4 8. cxd4 0-0 9. Nc3 e5 10. Be3 Re8 11. 0-0 a6 12. Rc1 Bd7 13. d5 Na5 14. Qe2 b5 15. b3 Rc8 16. Qd2 Nb7 17. b4 Nh5 18. Ne2 f5 19. exf5 Bxf5 20. Bb3 Qd7 21. Ng5 Nd8 22. Rxc8 Qxc8 23. Rc1 Qd7 24. Ng3 Nxg3 25. fxg3 Qb7 26. g4 Bd7 27. Ne4 Nf7 28. Rf1 Rf8 29. Nf6+ Kh8 30. Nxd7 Qxd7 31. Qd3 Qe7 32. Rc1 e4 33. Qc2 Qf6 34. Rf1 Qe7 35. Qc6 Ne5 36. Rxf8+ Bxf8 37. Qxa6 Nd3 38. Qxb5 Qh4 0-1

[Event "Titled Tuesday intern op 12th Dec Early"]
[Site "Chess.com INT"]
[Date "2023.12.12"]
[Round "6"]
[White "Pertinez Soria, Juan Luis"]
[Black "Estrada Nieto, Julian"]
[Result "0-1"]
[WhiteElo "2161"]
[BlackElo "2212"]
[PlyCount "92"]
[EventDate "2023.12.12"]
[EventType "swiss (blitz)"]
[EventRounds "11"]
[EventCountry "USA"]
[SourceTitle "CBM 217 Extra"]
[Source "ChessBase"]
[SourceDate "2024.01.31"]
[SourceVersion "1"]
[SourceVersionDate "2024.01.31"]
[SourceQuality "1"]

1. e4 e5 2. Nf3 Nc6 3. Bc4 Bc5 4. d3 Nf6 5. c3 d6 6. Nbd2 a6 7. Bb3 Ba7 8. h3 h6 9. a4 Be6 10. Bc2 d5 11. Qe2 d4 12. Nc4 Bxc4 13. dxc4 Nd7 14. 0-0 0-0 15. Rd1 Qe7 16. Bd2 Rfd8 17. Be1 Nf8 18. Ra3 Ne6 19. g3 dxc3 20. Bxc3 Ncd4 21. Bxd4 Bxd4 22. Rb3 c6 23. Ne1 Rd7 24. Bb1 Rad8 25. Rbd3 Nc5 26. R3d2 Nxa4 27. Kg2 a5 28. f4 Nc5 29. Nf3 a4 30. fxe5 Bxe5 31. Nxe5 Qxe5 32. Rxd7 Rxd7 33. Rxd7 Nxd7 34. Qd2 Nc5 35. Qd8+ Kh7 36. Qd2 Nxe4 37. Qc2 f5 38. g4 Qg3+ 39. Kf1 Qxh3+ 40. Ke1 Qh1+ 41. Ke2 Qg2+ 42. Ke3 Qg1+ 43. Kf4 Qxg4+ 44. Ke5 Qg5 45. Ke6 Qf6+ 46. Kd7 Nc5+ 0-1

[Event "Titled Tuesday intern op 12th Dec Early"]
[Site "Chess.com INT"]
[Date "2023.12.12"]
[Round "9"]
[White "Pertinez Soria, Juan Luis"]
[Black "Shukhman, Anna"]
[Result "0-1"]
[WhiteElo "2161"]
[BlackElo "2213"]
[PlyCount "96"]
[EventDate "2023.12.12"]
[EventType "swiss (blitz)"]
[EventRounds "11"]
[EventCountry "USA"]
[SourceTitle "CBM 217 Extra"]
[Source "ChessBase"]
[SourceDate "2024.01.31"]
[SourceVersion "1"]
[SourceVersionDate "2024.01.31"]
[SourceQuality "1"]

1. e4 Nf6 2. d3 d5 3. Nd2 e5 4. Ngf3 Nc6 5. a3 a5 6. Be2 Bc5 7. 0-0 0-0 8. h3 Re8 9. Re1 h6 10. Bf1 d4 11. g3 b5 12. Bg2 a4 13. Nf1 b4 14. Nh4 bxa3 15. bxa3 Rb8 16. Nd2 Ne7 17. Nc4 Nd7 18. Qh5 Ng6 19. Nxg6 Nf6 20. Qf3 fxg6 21. g4 Ba6 22. Nb2 Qd7 23. Qg3 g5 24. Qf3 Rb6 25. Qf5 Qc6 26. h4 Bc8 27. Qg6 Nxg4 28. Qxc6 Rxc6 29. hxg5 h5 30. Nc4 Ba6 31. Nb2 Bb5 32. f4 exf4 33. Bxf4 Bf8 34. e5 Rxc2 35. Bd5+ Kh8 36. Rab1 Bc6 37. Bxc6 Rxc6 38. Nxa4 Bxa3 39. Ra1 Be7 40. Re2 Rf8 41. Rf1 Rg6 42. Nb2 Bxg5 43. Bxg5 Rxf1+ 44. Kxf1 Rxg5 45. e6 Rf5+ 46. Ke1 Ne3 47. Nc4 Rf1+ 48. Kd2 Rd1# 0-1

[Event "Titled Tuesday intern op 05th Dec Early"]
[Site "Chess.com INT"]
[Date "2023.12.05"]
[Round "3"]
[White "Pertinez Soria, Juan Luis"]
[Black "Hoffmann, Asa"]
[Result "0-1"]
[WhiteElo "2161"]
[BlackElo "2185"]
[PlyCount "62"]
[EventDate "2023.12.05"]
[EventType "swiss (blitz)"]
[EventRounds "11"]
[EventCountry "USA"]
[SourceTitle "EXT 2025"]
[Source "ChessBase"]
[SourceDate "2024.10.14"]
[SourceVersion "1"]
[SourceVersionDate "2024.10.14"]
[SourceQuality "1"]

1. e4 d6 2. d4 Nf6 3. Nc3 c6 4. Be3 Ng4 5. Bg5 Qb6 6. Qd2 e5 7. Nf3 f6 8. Bh4 h5 9. h3 Nh6 10. 0-0-0 Nd7 11. Bc4 Nf7 12. Bb3 g5 13. Bg3 h4 14. Bh2 Bh6 15. Qe2 g4+ 16. Kb1 gxf3 17. Qc4 Rf8 18. Qe6+ Kd8 19. dxe5 fxg2 20. Rhg1 Kc7 21. exf6 Nde5 22. Qe7+ Bd7 23. Rxd6 Rae8 24. Rxd7+ Kc8 25. Qd6 Nxd6 26. Rxd6 Qxf2 27. f7 Rd8 28. Rxd8+ Rxd8 29. a4 Bf8 30. Be6+ Nd7 31. Ka2 b5 0-1

[Event "Titled Tuesday intern op 05th Dec Early"]
[Site "Chess.com INT"]
[Date "2023.12.05"]
[Round "6"]
[White "Pertinez Soria, Juan Luis"]
[Black "Kleibel, Uwe"]
[Result "0-1"]
[WhiteElo "2161"]
[BlackElo "2310"]
[PlyCount "68"]
[EventDate "2023.12.05"]
[EventType "swiss (blitz)"]
[EventRounds "11"]
[EventCountry "USA"]
[SourceTitle "EXT 2025"]
[Source "ChessBase"]
[SourceDate "2024.10.14"]
[SourceVersion "1"]
[SourceVersionDate "2024.10.14"]
[SourceQuality "1"]

1. e4 e5 2. Nf3 Nc6 3. Bc4 Nf6 4. d3 Be7 5. c3 0-0 6. Nbd2 d5 7. exd5 Nxd5 8. 0-0 Bg4 9. h3 Bh5 10. Re1 Nb6 11. Bb3 Qxd3 12. Re3 Qd8 13. Qe1 Bd6 14. Ne4 Kh8 15. Nfg5 Qd7 16. a4 a5 17. g4 Bg6 18. Ng3 Rae8 19. Re2 f5 20. gxf5 Bxf5 21. Kh2 h6 22. N5e4 Bxh3 23. Be3 Bg4 24. Rd2 Qe7 25. Bd1 Qh4+ 26. Kg1 Nc4 27. Bxg4 Nxd2 28. Qxd2 Qxg4 29. Kh2 Be7 30. Rh1 Rd8 31. Qc1 Rd3 32. Kg2 Qf3+ 33. Kh2 Rf4 34. Bxf4 exf4 0-1

[Event "Titled Tuesday intern op 06th Sep Early"]
[Site "Chess.com INT"]
[Date "2022.09.06"]
[Round "4"]
[White "Gubanov, Oleg"]
[Black "Pertinez Soria, Juan Luis"]
[Result "0-1"]
[WhiteElo "2258"]
[BlackElo "2179"]
[PlyCount "104"]
[EventDate "2022.09.06"]
[EventType "swiss (blitz)"]
[EventRounds "11"]
[EventCountry "USA"]
[SourceTitle "EXT 2023"]
[Source "ChessBase"]
[SourceDate "2022.10.05"]
[SourceVersion "1"]
[SourceVersionDate "2022.10.05"]
[SourceQuality "1"]

1. e4 c5 2. c3 e6 3. d4 cxd4 4. cxd4 d5 5. e5 Nc6 6. Nc3 Qb6 7. Nf3 a6 8. Bd3 f6 9. exf6 Nxf6 10. 0-0 Bd6 11. Re1 0-0 12. a3 Bd7 13. Na4 Qc7 14. Nc5 Rae8 15. Nxd7 Qxd7 16. Ne5 Qc7 17. Bf4 Qb6 18. Nd7 Nxd7 19. Bxd6 Nxd4 20. Bxf8 Rxf8 21. Qh5 Nf6 22. Qh4 g6 23. Rad1 Nh5 24. Bxg6 hxg6 25. Qxd4 Qxd4 26. Rxd4 Kf7 27. g3 Kf6 28. Rc1 Rf7 29. f4 Ng7 30. g4 Ne8 31. Kf2 Nd6 32. Kf3 Rh7 33. Rc2 Rh4 34. Rc7 Ne4 35. Rxb7 Rxh2 36. Rxe4 dxe4+ 37. Kxe4 g5 38. fxg5+ Kxg5 39. Rb6 Re2+ 40. Kd3 Re5 41. b4 a5 42. b5 a4 43. Rb8 Kxg4 44. Kd4 Rd5+ 45. Kc4 Kf4 46. b6 Ke5 47. b7 Rd1 48. Rd8 Rc1+ 49. Kb5 Rb1+ 50. Ka6 Kf4 51. Ka7 e5 52. b8Q Rb3 0-1